| 000 | 00843nam a22002055i 4500 | ||
|---|---|---|---|
| 001 | 164461 | ||
| 003 | ES-MaACL | ||
| 005 | 20251221204114.0 | ||
| 008 | 050825s1886 gw | |||||||| ||ger d | ||
| 040 |
_aCAM _bspa _cCAM |
||
| 100 | 1 |
_aSallwürk, Ernst von, _d1839-1926 _9132340 |
|
| 245 | 1 | 0 |
_aFénelon und die Litteratur der weiblichen Bildung in Frankreich von Claude Fleury bis Frau Necker de Saussure / _cvon E. von Sallwürk. |
| 260 |
_aLangensalza : _bDruck und Verlag von Hermann Beyer & Söhne, _c1886. |
||
| 300 |
_aIX, 422 p. ; _c22 cm. |
||
| 490 | 1 |
_aBibliotheck pädagogischer Klassiker ; _v25 |
|
| 600 | 1 | 4 |
_aFénelon, François de Salignac de La Mothe, _d1651-1715 _949246 |
| 830 | 0 |
_aBibliotheck pädagogischer Klassiker ; _v25 _9222354 |
|
| 852 |
_aES-MaACL _jG-15180 _z-- Enc. hol. |
||
| 999 |
_c164461 _d164461 |
||